Na konci světa /
Vtipný román o smutných věcech. Dramatická, cynická a humorem prosycená dobrodružná cesta za vykoupením ze světa fast fashion módy zavede hlavního hrdinu z Afriky přes Indický oceán na Filipíny, do Číny, na hranice Tibetu či do himálajských velehor.
Uloženo v:
| Hlavní autor: | |
|---|---|
| Médium: | Kniha |
| Jazyk: | Czech |
| Vydáno: |
Praha :
Euromedia Group,
2026
|
| Vydání: | První vydání |
| Témata: | |
| Celkem bylo vypůjčeno: | 0x |
| Tagy: |
Žádné tagy |
| LEADER | 02419nam a2200361 i 4500 | ||
|---|---|---|---|
| 001 | 106209 | ||
| 003 | CZ PrNK | ||
| 005 | 20260428151801.0 | ||
| 007 | ta | ||
| 008 | 260414s2026 xr g 000 f cze | ||
| 015 | |a cnb003666844 | ||
| 020 | |a 9788024957098 |q (brožováno) | ||
| 040 | |a ABG001 |b cze |d BOA001 |e rda | ||
| 072 | 7 | |a 821.162.3-3 |x Česká próza |2 Konspekt |9 25 | |
| 080 | |a 821.162.3-31 |2 MRF | ||
| 080 | |a (0:82-31) |2 MRF | ||
| 100 | 1 | |a Havlík, Rudolf, |d 1976- |7 xx0118537 |4 aut |9 112666 |4 ill | |
| 245 | 1 | 0 | |a Na konci světa / |c Rudolf Havlík |
| 250 | |a První vydání | ||
| 264 | 1 | |a Praha : |b Euromedia Group, |c 2026 | |
| 300 | |a 431 stran : |b ilustrace ; |c 21 cm | ||
| 336 | |a text |b txt |2 rdacontent | ||
| 337 | |a bez média |b n |2 rdamedia | ||
| 338 | |a svazek |b nc |2 rdacarrier | ||
| 500 | |a Obálkový podnázev: napínavá výprava do světa fast fashion | ||
| 520 | 2 | |a Vtipný román o smutných věcech. Dramatická, cynická a humorem prosycená dobrodružná cesta za vykoupením ze světa fast fashion módy zavede hlavního hrdinu z Afriky přes Indický oceán na Filipíny, do Číny, na hranice Tibetu či do himálajských velehor. |b Joe Taylor je žoldák, který pracuje pro oděvní giganty a zajišťuje výrobu oblečení v továrnách třetího světa. Ví, ve kterých továrnách pracují děti, kde dochází k otrocké práci a vydírání a kde se spalují ty nejdražší kabelky na světě. Jeho znalosti a informace jsou trnem v oku jeho obchodním partnerům, protože už toho ví tolik, že by je klidně mohl zruinovat, kdyby se rozhodl vynést informace do světa. A to se miliardářům nelíbí. Společně se rozhodnou zadat mu další úkol, ale zapomenou mu říct, že při něm má omylem přijít o život. Vše mu navíc znepříjemňuje záhadná žena, která se k němu přidá, a Joe zjišťuje, že toho ví ještě víc než on. Nový román Rudolfa Havlíka vás s humorem vtáhne do divokého světa výroby oblečení, která je mnohdy dobrodružnější, než se může zdát. Nakladatelská anotace. Kráceno. | |
| 655 | 7 | |a české romány |7 fd133974 |2 czenas |9 54031 | |
| 655 | 9 | |a Czech fiction |2 eczenas | |
| 710 | 2 | |a Euromedia Group |7 kn20100114009 |4 pbl |9 117126 | |
| 910 | |a UOG502 | ||
| 942 | |2 ddc |c KN | ||
| 999 | |d 106209 | ||
| 993 | |0 0 |1 421180106935 |2 ddc |4 0 |7 0 |9 99552 |b 0 |c 106935 |d 2026-04-28 |e 0 |f DOSP |h 399.00 |i Koupě |l DOSP |r 2026-04-28 |t 6 |w 2026-04-28 |y KN |z BELET |n | ||